[Event "DEN-chT 2324 61st"]
[Site "Denmark"]
[Date "2024.04.07"]
[Round "9.3"]
[White "Dyrgaard, Kristoffer"]
[Black "Andersen, Mads"]
[Result "1/2-1/2"]
[WhiteElo "2269"]
[BlackElo "2606"]
[PlyCount "72"]
[EventDate "2023.10.28"]
[EventType "team-tourn"]
[EventRounds "9"]
[EventCountry "DEN"]
[SourceTitle "EXT 2025"]
[Source "ChessBase"]
[SourceDate "2024.10.14"]
[SourceVersion "1"]
[SourceVersionDate "2024.10.14"]
[SourceQuality "1"]
[WhiteTeam "Frem"]
[BlackTeam "Skanderborg Nordea"]
[WhiteTeamCountry "DEN"]
[BlackTeamCountry "DEN"]

1. e4 e5 2. Nf3 Nc6 3. Bc4 Bc5 4. c3 Nf6 5. d4 exd4 6. e5 d5 7. Bb5 Ne4 8. cxd4 Bb6 9. Nc3 0-0 10. Be3 Bg4 11. h3 Bh5 12. Qc2 Ba5 13. 0-0 Bxf3 14. gxf3 Ng5 15. Kg2 Bxc3 16. bxc3 Ne6 17. f4 f5 18. Qe2 Qh4 19. Qf3 Ne7 20. Bd7 Qh6 21. c4 Rad8 22. Bxe6+ Qxe6 23. Rab1 b6 24. cxd5 Qxd5 25. Rfc1 c6 26. Rb3 Kf7 27. Ra3 Qxf3+ 28. Kxf3 Rd7 29. Rc4 Rc8 30. Bc1 Ke6 31. Ra6 b5 32. Rc5 Rb8 33. Be3 Rb6 34. d5+ cxd5 35. Rxb6+ axb6 36. Rxb5 Nc8 1/2-1/2

[Event "DEN-chT1 1920 Gr1"]
[Site "Denmark"]
[Date "2020.03.08"]
[Round "7"]
[White "Dyrgaard, Kristoffer"]
[Black "Bogo, Soren"]
[Result "1/2-1/2"]
[WhiteElo "2286"]
[BlackElo "2230"]
[PlyCount "72"]
[EventDate "2019.10.27"]
[EventType "team-tourn"]
[EventRounds "9"]
[EventCountry "DEN"]
[SourceTitle "EXT 2025"]
[Source "ChessBase"]
[SourceDate "2024.10.14"]
[SourceVersion "1"]
[SourceVersionDate "2024.10.14"]
[SourceQuality "1"]
[WhiteTeam "Frem"]
[BlackTeam "Fureso"]
[WhiteTeamCountry "DEN"]
[BlackTeamCountry "DEN"]

1. e4 c6 2. d4 d5 3. exd5 cxd5 4. c4 Nf6 5. Nc3 g6 6. Qb3 Bg7 7. cxd5 0-0 8. Be2 Na6 9. Bf3 Qb6 10. Qxb6 axb6 11. Nge2 Nb4 12. 0-0 Rd8 13. d6 Rxd6 14. Bf4 Rd7 15. Rfd1 Nbd5 16. Be5 Rd8 17. Nxd5 Nxd5 18. Bxd5 Rxd5 19. Nc3 Rd8 20. Bxg7 Kxg7 21. d5 g5 22. Rd4 Bf5 23. Re1 e6 24. g4 Bg6 25. Red1 e5 26. Rb4 Rd6 27. f3 f5 28. gxf5 Bxf5 29. Kf2 Rf8 30. Rg1 h6 31. Ke3 Bg6 32. Rc4 Rf7 33. Rg3 Rdd7 34. Rb4 Rd6 35. Rc4 Rdd7 36. Rb4 Rd6 1/2-1/2

[Event "Oberliga Nord N 1920"]
[Site "Germany"]
[Date "2019.09.29"]
[Round "1.4"]
[White "Guindy, Esmat Susanne"]
[Black "Dyrgaard, Kristoffer"]
[Result "1-0"]
[WhiteElo "2108"]
[BlackElo "2306"]
[PlyCount "117"]
[EventDate "2019.09.29"]
[EventType "team-tourn"]
[EventRounds "9"]
[EventCountry "GER"]
[SourceTitle "CBM 195 Extra"]
[Source "ChessBase"]
[SourceDate "2020.05.31"]
[SourceVersion "1"]
[SourceVersionDate "2020.05.31"]
[SourceQuality "1"]

1. d4 Nf6 2. c4 g6 3. Nf3 Bg7 4. g3 0-0 5. Bg2 c6 6. 0-0 d5 7. cxd5 cxd5 8. Nc3 Nc6 9. Bf4 Ne4 10. Rc1 Bf5 11. Ne5 Rc8 12. Nxe4 Bxe4 13. Nxc6 Rxc6 14. Rxc6 bxc6 15. f3 Bf5 16. Qd2 Qb6 17. Be3 Rb8 18. b3 Qb4 19. Rd1 a5 20. Bf2 Qxd2 21. Rxd2 a4 22. g4 axb3 23. axb3 Bd7 24. Rd3 Rb4 25. e3 e5 26. dxe5 Bxe5 27. Be1 Rb7 28. f4 Bd6 29. Bf3 h5 30. h3 hxg4 31. hxg4 Be6 32. Kf2 Kf8 33. Ke2 Rb5 34. Bc3 Ke7 35. Kd2 f6 36. Kc2 Bc5 37. Bb2 Rb8 38. Rc3 Bb6 39. Rxc6 Rc8 40. Rxc8 Bxc8 41. Bd4 Bxd4 42. exd4 g5 43. f5 Kd6 44. Kc3 Ba6 45. Kb4 Bd3 46. Ka5 Kc6 47. b4 Bc4 48. Bd1 Kb7 49. b5 Ka7 50. b6+ Kb7 51. Ba4 Be2 52. Bb3 Bf3 53. Kb5 Bxg4 54. Bxd5+ Kb8 55. Be6 Be2+ 56. Ka5 g4 57. d5 g3 58. d6 Bb5 59. Kxb5 1-0

[Event "Oberliga Nord N 1819"]
[Site "Germany"]
[Date "2019.03.24"]
[Round "8.3"]
[White "Dyrgaard, Kristoffer"]
[Black "Schroeder, Christoph"]
[Result "1/2-1/2"]
[WhiteElo "2309"]
[BlackElo "2178"]
[PlyCount "90"]
[EventDate "2018.10.21"]
[EventType "team-tourn"]
[EventRounds "9"]
[EventCountry "GER"]
[SourceTitle "EXT 2020"]
[Source "ChessBase"]
[SourceDate "2019.10.17"]
[SourceVersion "1"]
[SourceVersionDate "2019.10.17"]
[SourceQuality "1"]
[WhiteTeam "Preetz"]
[BlackTeam "Johanneum Eppendorf"]
[WhiteTeamCountry "GER"]
[BlackTeamCountry "GER"]

1. e4 e6 2. Nf3 d5 3. Nc3 dxe4 4. Nxe4 Nd7 5. d4 Ngf6 6. Bd3 c5 7. 0-0 Be7 8. c3 0-0 9. Qc2 Nxe4 10. Bxe4 Nf6 11. Bd3 Qc7 12. dxc5 Qxc5 13. Ng5 h6 14. Nh7 Nxh7 15. Bxh7+ Kh8 16. Be3 Qh5 17. Be4 f5 18. Bf3 Qf7 19. Bd4 Bf6 20. Rfe1 Qc7 21. Qe2 Bxd4 22. cxd4 Bd7 23. Qe5 Rac8 24. b3 Rfe8 25. h3 b6 26. Re2 Qxe5 27. Rxe5 Rc2 28. Rae1 Rec8 29. a4 Rc1 30. d5 exd5 31. Bxd5 Rxe1+ 32. Rxe1 Re8 33. Rd1 Be6 34. Bxe6 Rxe6 35. Rd7 Re1+ 36. Kh2 Rb1 37. Rxa7 Rxb3 38. a5 bxa5 39. Rxa5 g6 40. Ra7 Kg8 41. h4 h5 42. f3 Kf8 43. Kg3 Rb4 44. Ra8+ Kf7 45. Ra7+ Kf6 1/2-1/2

[Event "Horsens Lang Weekend"]
[Site "Horsens"]
[Date "2017.07.15"]
[Round "5"]
[White "Dyrgaard, Kristoffer"]
[Black "Pedersen, Nicolai Kvist Brond"]
[Result "1-0"]
[WhiteElo "2334"]
[BlackElo "2229"]
[PlyCount "81"]
[EventDate "2017.07.13"]
[EventType "swiss"]
[EventRounds "7"]
[EventCountry "DEN"]
[SourceTitle "EXT 2018"]
[Source "ChessBase"]
[SourceDate "2017.10.13"]
[SourceVersion "1"]
[SourceVersionDate "2017.10.13"]
[SourceQuality "1"]

1. e4 c6 2. d4 d5 3. exd5 cxd5 4. c4 Nf6 5. Nc3 e6 6. Nf3 Bb4 7. Qc2 Nc6 8. cxd5 Nxd5 9. Bd3 h6 10. 0-0 0-0 11. a3 Be7 12. Rd1 Bd7 13. Nxd5 exd5 14. Ne5 Qc8 15. Be3 Bf6 16. Nxd7 Qxd7 17. Rac1 Qd6 18. b4 a6 19. Be2 Rfd8 20. g3 Qd7 21. Kg2 Rac8 22. Qd3 Ne7 23. h3 Rxc1 24. Rxc1 Bg5 25. Bxg5 hxg5 26. Bf3 Nc6 27. Rc5 Qe6 28. b5 axb5 29. Rxb5 Qf6 30. Rxd5 Rxd5 31. Bxd5 Nd8 32. Qe4 b6 33. Qe5 Qxe5 34. dxe5 Kf8 35. Kf3 f6 36. Ke4 fxe5 37. Kxe5 Ke7 38. a4 g6 39. f3 Kd7 40. Kf6 Kd6 41. Bb3 1-0

[Event "Horsens Lang Weekend"]
[Site "Horsens"]
[Date "2017.07.13"]
[Round "1"]
[White "Dyrgaard, Kristoffer"]
[Black "Holmso, Finn"]
[Result "1/2-1/2"]
[WhiteElo "2334"]
[BlackElo "2001"]
[PlyCount "52"]
[EventDate "2017.07.13"]
[EventType "swiss"]
[EventRounds "7"]
[EventCountry "DEN"]
[SourceTitle "EXT 2018"]
[Source "ChessBase"]
[SourceDate "2017.10.13"]
[SourceVersion "1"]
[SourceVersionDate "2017.10.13"]
[SourceQuality "1"]

1. e4 d6 2. d4 Nf6 3. Nc3 c6 4. f4 Qa5 5. Bd3 e5 6. Nf3 Nbd7 7. 0-0 Be7 8. Kh1 0-0 9. Qe1 Kh8 10. Bd2 Qc7 11. Rd1 exd4 12. Nxd4 Nc5 13. f5 Ncd7 14. Qg3 Ne5 15. Be2 b5 16. a3 a6 17. Nf3 Bb7 18. Bg5 c5 19. Nxe5 dxe5 20. Bxf6 Bxf6 21. Nd5 Bxd5 22. Rxd5 Rad8 23. Rfd1 Rxd5 24. Rxd5 Rd8 25. c4 Rxd5 26. exd5 Qa5 1/2-1/2

[Event "Hastings Masters op 92nd"]
[Site "Hastings"]
[Date "2016.12.28"]
[Round "1"]
[White "Dyrgaard, Kristoffer"]
[Black "Sengupta, Deep"]
[Result "0-1"]
[WhiteElo "2311"]
[BlackElo "2575"]
[PlyCount "118"]
[EventDate "2016.12.28"]
[EventType "swiss"]
[EventRounds "9"]
[EventCountry "ENG"]
[SourceTitle "CBM 176 Extra"]
[Source "ChessBase"]
[SourceDate "2017.03.02"]
[SourceVersion "1"]
[SourceVersionDate "2017.03.02"]
[SourceQuality "1"]

1. e4 e5 2. Bc4 Nf6 3. d3 c6 4. Nf3 d5 5. Bb3 a5 6. a4 Bb4+ 7. c3 Bd6 8. 0-0 0-0 9. Bg5 dxe4 10. dxe4 h6 11. Bh4 Qe7 12. Nbd2 Bc7 13. Qe2 Nbd7 14. Nc4 b6 15. Rfe1 Re8 16. Rad1 Nc5 17. Bc2 Ba6 18. Nfd2 Qe6 19. Bxf6 Qxf6 20. Qg4 Rad8 21. Qg3 Rd7 22. b4 axb4 23. cxb4 Ne6 24. b5 cxb5 25. Ne3 bxa4 26. Nd5 Qg5 27. Bxa4 b5 28. Bb3 Ba5 29. Re3 Bxd2 30. Rxd2 Nd4 31. h4 Qxg3 32. Rxg3 Kf8 33. Nb4 Bb7 34. Bd5 Ra8 35. Nd3 f6 36. Nc5 Rxd5 37. exd5 Bxd5 38. f4 Bc4 39. Nd7+ Kf7 40. fxe5 Ne2+ 41. Rxe2 Bxe2 42. exf6 gxf6 43. Re3 Ra2 44. Nc5 Bc4 45. Ne4 Ra6 46. Nd2 Bd5 47. Kf2 b4 48. g4 Ra3 49. Re1 Rd3 50. Ne4 Bc6 51. g5 hxg5 52. hxg5 f5 53. Nc5 Rf3+ 54. Ke2 Rc3 55. g6+ Kxg6 56. Ne6 Kf6 57. Nf4 Be4 58. Ra1 Ke5 59. Ng6+ Kd4 0-1

[Event "DEN-ch rapid"]
[Site "Fredericia"]
[Date "2016.09.25"]
[Round "7"]
[White "Dyrgaard, Kristoffer"]
[Black "Thogersen, Rasmus"]
[Result "1/2-1/2"]
[WhiteElo "2282"]
[BlackElo "2169"]
[PlyCount "142"]
[EventDate "2016.09.25"]
[EventType "swiss (rapid)"]
[EventRounds "7"]
[EventCountry "DEN"]
[SourceTitle "EXT 2018"]
[Source "ChessBase"]
[SourceDate "2017.10.13"]
[SourceVersion "1"]
[SourceVersionDate "2017.10.13"]
[SourceQuality "1"]

1. e4 c5 2. Nc3 a6 3. Nf3 d6 4. d4 cxd4 5. Nxd4 Nf6 6. Bg5 e6 7. f4 h6 8. Bxf6 Qxf6 9. Qd2 Nc6 10. Nxc6 bxc6 11. 0-0-0 Qd8 12. Bc4 Be7 13. Kb1 Rb8 14. g4 Qa5 15. Bb3 Bd7 16. h4 c5 17. g5 Rb4 18. a3 Rd4 19. Qe2 Rxd1+ 20. Rxd1 hxg5 21. hxg5 Bb5 22. Nxb5 axb5 23. c3 g6 24. f5 Kd7 25. fxe6+ fxe6 26. Qg4 c4 27. Bc2 Rh5 28. e5 Rxg5 29. Rxd6+ Bxd6 30. Qxg5 Be7 31. Qxg6 Qc7 32. Qe4 Qc6 33. Qd4+ Qd5 34. Qa7+ Kd8 35. Qb8+ Kd7 36. a4 Bd8 37. axb5 Bc7 38. Qa7 Kc8 39. Qa6+ Kb8 40. b6 Bxe5 41. Ba4 Bf4 42. Qa7+ Kc8 43. Qf7 Be5 44. Ka2 Kb8 45. Qa7+ Kc8 46. Qe7 Kb8 47. Qe8+ Kb7 48. Bd7 Kxb6 49. Qxe6+ Qxe6 50. Bxe6 Kc5 51. Ka3 Bd6 52. Ka4 Bc7 53. Bf7 Bd8 54. Bh5 Bc7 55. Bf3 Bd8 56. Ka3 Bc7 57. Ka2 Bf4 58. Kb1 Bg5 59. Kc2 Bf4 60. Be2 Bg5 61. Bxc4 Kxc4 62. b3+ Kb5 63. Kd3 Bf6 64. c4+ Kb4 65. Ke4 Kxb3 66. c5 Be7 67. c6 Bd6 68. Kd5 Bg3 69. Ke6 Bh2 70. Kd7 Bg3 71. c7 Bxc7 1/2-1/2

[Event "DEN-ch cand"]
[Site "Svendborg"]
[Date "2016.03.25"]
[Round "4"]
[White "Dyrgaard, Kristoffer"]
[Black "Olsen, Filip Boe"]
[Result "1/2-1/2"]
[WhiteElo "2308"]
[BlackElo "2192"]
[PlyCount "42"]
[EventDate "2016.03.22"]
[EventType "swiss"]
[EventRounds "7"]
[EventCountry "DEN"]
[SourceTitle "EXT 2023"]
[Source "ChessBase"]
[SourceDate "2022.10.05"]
[SourceVersion "1"]
[SourceVersionDate "2022.10.05"]
[SourceQuality "1"]

1. e4 c6 2. d4 d5 3. exd5 cxd5 4. c4 Nf6 5. Nc3 Nc6 6. Bg5 dxc4 7. Bxc4 h6 8. Be3 e6 9. Nf3 Be7 10. 0-0 0-0 11. a3 b6 12. d5 Na5 13. Ba2 exd5 14. Nxd5 Nxd5 15. Bxd5 Bb7 16. Bxb7 Nxb7 17. Nd4 Bf6 18. Qg4 Nd6 19. Rad1 Qc8 20. Qf3 Qb7 21. Nc6 Nf5 1/2-1/2

[Event "Horsens Lang Weekend op"]
[Site "Horsens"]
[Date "2013.07.20"]
[Round "6"]
[White "Dyrgaard, Kristoffer"]
[Black "Rewitz, Poul"]
[Result "1-0"]
[WhiteElo "2253"]
[BlackElo "2219"]
[PlyCount "65"]
[EventDate "2013.07.18"]
[EventType "swiss"]
[EventRounds "7"]
[EventCountry "DEN"]
[SourceTitle "CBM 155 Extra"]
[Source "ChessBase"]
[SourceDate "2013.08.26"]
[SourceVersion "1"]
[SourceVersionDate "2013.08.26"]
[SourceQuality "1"]

1. e4 e6 2. Nf3 d5 3. Nc3 Nc6 4. d4 Nf6 5. Bg5 Be7 6. exd5 Nxd5 7. Nxd5 exd5 8. Bxe7 Qxe7+ 9. Qe2 Be6 10. 0-0-0 0-0 11. Qd2 a5 12. Re1 a4 13. a3 Qf6 14. Bd3 Bf5 15. Re3 Bg6 16. Rhe1 Bxd3 17. Qxd3 Qg6 18. Qb5 h6 19. g3 Qh5 20. h3 Qxh3 21. Qxb7 Qd7 22. Rc3 Na5 23. Qxc7 Qg4 24. Qc5 Rfc8 25. Qxd5 Rf8 26. Ne5 Qf5 27. Rf3 Qg5+ 28. Kb1 Qd2 29. Qe4 Rad8 30. Rd3 Qxf2 31. Ng4 Qxe1+ 32. Qxe1 Nc4 33. Qb4 1-0

[Event "Horsens Lang Weekend op"]
[Site "Horsens"]
[Date "2013.07.20"]
[Round "5"]
[White "Rossen, Claus"]
[Black "Dyrgaard, Kristoffer"]
[Result "1/2-1/2"]
[WhiteElo "2163"]
[BlackElo "2253"]
[PlyCount "133"]
[EventDate "2013.07.18"]
[EventType "swiss"]
[EventRounds "7"]
[EventCountry "DEN"]
[SourceTitle "CBM 155 Extra"]
[Source "ChessBase"]
[SourceDate "2013.08.26"]
[SourceVersion "1"]
[SourceVersionDate "2013.08.26"]
[SourceQuality "1"]

1. e4 c5 2. Nf3 Nc6 3. d4 cxd4 4. Nxd4 Nf6 5. Nc3 e5 6. Ndb5 d6 7. Nd5 Nxd5 8. exd5 Nb8 9. a4 Be7 10. Be2 a6 11. Na3 Nd7 12. Nc4 Nb6 13. Nxb6 Qxb6 14. a5 Qc7 15. Be3 Bf5 16. c4 0-0 17. 0-0 Bg6 18. b4 f5 19. Bb6 Qd7 20. Qa4 Qc8 21. c5 Be8 22. Qb3 Bg5 23. Ra2 f4 24. f3 Bd8 25. Rc2 Bxb6 26. cxb6 Qd8 27. Rc7 Rf7 28. Rfc1 Rxc7 29. Rxc7 Qh4 30. Qc3 Rb8 31. b5 axb5 32. Qb4 Qf6 33. Bxb5 Bxb5 34. Qxb5 e4 35. fxe4 Qd4+ 36. Kf1 Qd1+ 37. Kf2 Qd2+ 38. Qe2 Qd4+ 39. Kf3 Re8 40. a6 Qxb6 41. Rxb7 Qd4 42. a7 Qc3+ 43. Kf2 Rf8 44. Qb2 Qe3+ 45. Kf1 Qd3+ 46. Kg1 Qe3+ 47. Qf2 Qc1+ 48. Qf1 Qe3+ 49. Kh1 f3 50. gxf3 g6 51. Rb8 Qxa7 52. Rxf8+ Kxf8 53. Qg1 Qa2 54. Qb6 Qa1+ 55. Kg2 Qf6 56. Qe3 g5 57. Kg3 Kg7 58. f4 h6 59. Qa7+ Kg6 60. f5+ Kh5 61. Qe3 g4 62. Kf2 Qe5 63. Kg2 Qb2+ 64. Qf2 Qb1 65. Qe2 Qb3 66. Qf2 Qd3 67. Qe1 1/2-1/2

[Event "DEN-ch rapid"]
[Site "Middelfart"]
[Date "2012.09.30"]
[Round "3"]
[White "Dyrgaard, Kristoffer"]
[Black "Bromann, Thorbjorn"]
[Result "1-0"]
[WhiteElo "2201"]
[BlackElo "2361"]
[PlyCount "37"]
[EventDate "2012.09.30"]
[EventType "swiss (rapid)"]
[EventRounds "7"]
[EventCountry "DEN"]
[SourceTitle "EXT 2018"]
[Source "ChessBase"]
[SourceDate "2017.10.13"]
[SourceVersion "1"]
[SourceVersionDate "2017.10.13"]
[SourceQuality "1"]

1. e4 g6 2. d4 Bg7 3. Nc3 d6 4. Be3 a6 5. Qd2 Nd7 6. h4 h5 7. 0-0-0 b5 8. Nh3 Bb7 9. Ng5 e6 10. f4 Ngf6 11. Bd3 d5 12. f5 b4 13. fxe6 bxc3 14. exf7+ Ke7 15. Qxc3 Nb6 16. e5 Ne4 17. Bxe4 dxe4 18. Qc5+ Kd7 19. e6+ 1-0

[Event "DEN-ch rapid"]
[Site "Middelfart"]
[Date "2012.09.30"]
[Round "5"]
[White "Dyrgaard, Kristoffer"]
[Black "Jacobsen, Bo"]
[Result "1-0"]
[WhiteElo "2201"]
[BlackElo "2291"]
[PlyCount "49"]
[EventDate "2012.09.30"]
[EventType "swiss (rapid)"]
[EventRounds "7"]
[EventCountry "DEN"]
[SourceTitle "EXT 2018"]
[Source "ChessBase"]
[SourceDate "2017.10.13"]
[SourceVersion "1"]
[SourceVersionDate "2017.10.13"]
[SourceQuality "1"]

1. e4 e5 2. Bc4 Nf6 3. d3 Nc6 4. Nc3 Bc5 5. f4 d6 6. Nf3 a6 7. f5 Na5 8. Bg5 Nxc4 9. dxc4 Bb4 10. 0-0 Bxc3 11. bxc3 b6 12. c5 bxc5 13. Rb1 Bd7 14. Bxf6 gxf6 15. Qd5 0-0 16. h3 Ba4 17. Nh2 Kg7 18. Rf3 Rh8 19. Rg3+ Kf8 20. Ng4 h5 21. Ne3 Rb8 22. Rb7 Be8 23. Ra7 Qc8 24. Nc4 Rh7 25. Nxd6 1-0

[Event "Kiel op 25th"]
[Site "Kiel"]
[Date "2012.07.29"]
[Round "3"]
[White "Dyrgaard, Kristoffer"]
[Black "Horn, Peter"]
[Result "1/2-1/2"]
[WhiteElo "2252"]
[BlackElo "2159"]
[PlyCount "106"]
[EventDate "2012.07.28"]
[EventType "swiss"]
[EventRounds "9"]
[EventCountry "GER"]
[SourceTitle "EXT 2015"]
[Source "ChessBase"]
[SourceDate "2014.11.20"]
[SourceVersion "1"]
[SourceVersionDate "2014.11.20"]
[SourceQuality "1"]

1. e4 e6 2. Nf3 d5 3. Nc3 Nf6 4. e5 Nfd7 5. d4 c5 6. dxc5 Nc6 7. Bf4 a6 8. Bd3 Nxc5 9. 0-0 Be7 10. h3 g5 11. Bg3 h5 12. Re1 b5 13. Ne2 Qb6 14. c3 Ne4 15. Nfd4 Bb7 16. Bxe4 dxe4 17. Qc2 Nxd4 18. Nxd4 Bc5 19. Nb3 h4 20. Bh2 Rg8 21. Nxc5 Qxc5 22. Re3 g4 23. hxg4 Rxg4 24. Qd1 Rg6 25. Bf4 Rd8 26. Qh5 Rd2 27. b4 Qe7 28. a4 bxa4 29. Rxa4 Rg8 30. Ra1 Qd8 31. Rae1 Rd3 32. Qh7 Rg4 33. Qh8+ Kd7 34. Qxd8+ Kxd8 35. g3 hxg3 36. Bxg3 Rxe3 37. Rxe3 Bd5 38. Kf1 Kd7 39. Ke1 Rg5 40. Kd2 Kc6 41. Re1 Rf5 42. Ra1 Kb6 43. Ra5 Rf3 44. Bh4 Kb7 45. Rc5 Rf4 46. Bg3 Rf3 47. Ke2 Rd3 48. Bf4 Bb3 49. Bd2 Rd7 50. Ke1 Rd3 51. Ke2 Rd7 52. Ke1 Rd3 53. Ke2 Rd7 1/2-1/2

[Event "DEN-ch cand"]
[Site "Odense"]
[Date "2011.04.20"]
[Round "2"]
[White "Ochsner, Bjorn Moller"]
[Black "Dyrgaard, Kristoffer"]
[Result "1-0"]
[WhiteElo "2211"]
[BlackElo "2232"]
[PlyCount "149"]
[EventDate "2011.04.19"]
[EventType "swiss"]
[EventRounds "7"]
[EventCountry "DEN"]
[SourceTitle "EXT 2018"]
[Source "ChessBase"]
[SourceDate "2017.10.13"]
[SourceVersion "1"]
[SourceVersionDate "2017.10.13"]
[SourceQuality "1"]

1. e4 c5 2. Nf3 Nc6 3. d4 cxd4 4. Nxd4 Nf6 5. Nc3 e5 6. Ndb5 d6 7. Bg5 a6 8. Na3 b5 9. Nd5 Be7 10. Bxf6 Bxf6 11. c4 b4 12. Nc2 a5 13. g3 0-0 14. Bg2 Be6 15. Nce3 Bg5 16. 0-0 Bxe3 17. Nxe3 a4 18. Qd3 Qb6 19. Rad1 Rfd8 20. b3 axb3 21. axb3 Ra3 22. Nc2 Ra2 23. Rd2 Qc5 24. Rb1 h6 25. h4 Na5 26. Bf1 Nc6 27. Kh2 f5 28. Bh3 Nd4 29. Nxd4 Rxd2 30. Qxd2 exd4 31. Rd1 d3 32. Kg1 Kh8 33. exf5 Bxf5 34. Bxf5 Qxf5 35. Qxd3 Qe5 36. Qd4 Qe2 37. Qd2 Qf3 38. Qd3 Qf6 39. c5 Rf8 40. Qe3 dxc5 41. Qxc5 Qf3 42. Re1 Kg8 43. Qe3 Qb7 44. Rd1 Ra8 45. Qe5 Rc8 46. Rd5 Kh8 47. Qd4 Qe7 48. Kg2 Qb7 49. Kh2 Rf8 50. Kg1 Rg8 51. Rd6 Kh7 52. Rd7 Qc6 53. Rf7 Qg6 54. Rd7 Qb1+ 55. Qd1 Qb2 56. Qd3+ Kh8 57. Rf7 Rc8 58. Rf4 Qc3 59. Qd5 Re8 60. Kg2 Qe1 61. Qb5 Qe6 62. Qxb4 Qc6+ 63. Kh2 Qc2 64. Qc4 Qb1 65. b4 Kh7 66. Qd5 Qf1 67. Qf7 Re2 68. Qf5+ Kh8 69. Qc5 Re8 70. Rf8+ Rxf8 71. Qxf8+ Kh7 72. Qc5 Qd3 73. b5 Qf3 74. Qc2+ Kh8 75. Kg1 1-0

[Event "Politiken Cup 32nd"]
[Site "Copenhagen"]
[Date "2010.08.06"]
[Round "8"]
[White "Dyrgaard, Kristoffer"]
[Black "Cmilyte, Viktorija"]
[Result "0-1"]
[WhiteElo "2254"]
[BlackElo "2527"]
[PlyCount "70"]
[EventDate "2010.07.31"]
[EventType "swiss"]
[EventRounds "10"]
[EventCountry "DEN"]
[SourceTitle "CBM 137 Extra"]
[Source "ChessBase"]
[SourceDate "2010.09.01"]
[SourceVersion "1"]
[SourceVersionDate "2010.09.01"]
[SourceQuality "1"]

1. e4 c5 2. Nf3 e6 3. d4 cxd4 4. Nxd4 Nc6 5. Nc3 Qc7 6. Be3 Nf6 7. Bd3 a6 8. 0-0 h5 9. h3 b5 10. a4 Nxd4 11. Bxd4 b4 12. Ne2 e5 13. Be3 Bb7 14. c3 d5 15. Rc1 Qd7 16. Qb3 bxc3 17. Nxc3 d4 18. Nb5 Bc6 19. Bg5 Be7 20. Bxf6 Bxf6 21. Qc4 axb5 22. Qxc6 Qxc6 23. Rxc6 bxa4 24. f4 Rb8 25. fxe5 Bxe5 26. Rc5 f6 27. Ra5 0-0 28. Bc4+ Kh7 29. Rxa4 Rxb2 30. Rf5 g6 31. Rf3 h4 32. Ra7+ Kh6 33. Bf1 Rc8 34. Ra1 Rc3 35. Bd3 Rd2 0-1